00333pab a2200133 454500008004000000100001900040245003500059260000900094300001300103362001200116650002100128650002600149773002400175180718b1995 xxu||||| |||| 00| 0 eng d aHillman, Mayer aTransport and the environment. c1995 ap.244-47 aApr-Jun aPollution - U.K. aTransportation - U.K. aPolitical Quarterly